| 000 | 006760000a22001930004500 | ||
|---|---|---|---|
| 090 |
_aAR _b00614 |
||
| 245 | 1 | 0 | _aTemporal and spatial distribution of manatees in Kings Bay, Cristal River, Florida |
| 650 | 1 | 4 |
_aMamíferos acuáticos _993274 |
| 650 | 1 | 4 |
_aDistribución geográfica _992997 |
| 650 | 1 | 4 |
_aMigraciones animales _993715 |
| 651 | 4 |
_lRío Cristal _dFlorida _pEstados Unidos _992749 |
|
| 653 |
_gTrichechus _eTrichechus manatus _vmanatí |
||
| 041 | 0 | _aInglés | |
| 700 | 1 |
_aPowell, James A. _993288 |
|
| 700 | 1 |
_aRathbun, Galen B. _993293 |
|
| 100 | 1 |
_aKochman, Howard L. _993294 |
|
| 942 | _cARTICULO | ||
| 773 | 1 |
_tJournal Wildlife Management _3212 _h4 _q921-924 _d1985 _g49 |
|
| 999 |
_c9706 _d9706 |
||